| 000 | 01843nam a2200325 a 4500 | ||
|---|---|---|---|
| 001 | BRCA_3148 | ||
| 005 | 20190320204132.0 | ||
| 008 | 100209s1877----fr-a---###---#000-0#fre-u | ||
| 041 | _afre | ||
| 044 | _afr | ||
| 084 |
_a451 _b.H48 _c1877 |
||
| 100 | 1 |
_aCervantes Saavedra, Miguel de _d1547-1616 _9213 |
|
| 245 | 1 | 0 |
_aMichel de Cervantes _bDon Quichotte de la Manche _cMiche de Cervantes. |
| 260 |
_aParís _bJ. Hetzel _c1877 |
||
| 300 |
_aviii, 543 p. _bil. _c28 cm. |
||
| 500 | _aContenido : Primera parte. Prefacio del traductor. Texto. Segunda parte. Texto | ||
| 500 | _aEdición : Edition spéciale a l´usage de la jeunesse par Lucien Biart. Illustrée de 316 dessins par Tony Johannot. Cette édition, sepéciale á la jeunesse, est tirée de la traduction complète de Don Quichotte par M. Lucien Biart, traduction qui paraítra en février 1878 précedée d´une Notice inédite très-importante sur la vie et l´oevre de Cervantes, ecrite spécialement pour la traduction de M. Biart par Prosper Mérimèe | ||
| 500 | _aTraducción de L. Biart, abreviada y arreglada para la juventud por el propio traductor, con el fin, como dice en el prefacio, de que las inteligencias jóvenes se familiaricen con la obra de Cervantes. Edición adornada con los dibujos de Johannot y perfectamente impresa Lúdovik Osterc | ||
| 500 | _aQM379 | ||
| 546 | _aTexto en : francés | ||
| 650 | 1 | 4 |
_aNovela española _yÉpoca clásica, 1500-1700 _9215 |
| 650 | 1 | 4 |
_aLiteratura española _yÉpoca clásica, 1500-1700 _9216 |
| 650 | 1 | 4 |
_aNovela española _ySiglo XVII _9217 |
| 650 | 1 | 4 |
_aDon Quijote (Personaje ficticio) _eNovela _9218 |
| 700 | 1 |
_aBiart, Lucien _d1829-1897 _eTraductor _98509 |
|
| 700 | 1 |
_aJohannot, Tony _d1803-1852 _eIlustrador _98510 |
|
| 740 | 0 | _aEl Ingenioso Hidalgo Don Quijote de la Mancha | |
| 902 | _aQFM | ||
| 942 |
_2lcc _cB |
||
| 999 |
_c2884 _d2884 |
||